000
00228 a2200097 4500
001
6669
100
_a
Miles, J.W
245
_a
Potential theory of unsteady supersonic flow, the
260
_a
_b
Cambridge
_c
090
_c
5522
_d
5522
942
_a
NUST-CAE
_c
M
_c
31959
999
_c
241742
_d
241742